header

Fundamentals of stochastic networks (Record no. 129920)

MARC details
000 -LEADER
fixed length control field 01317nam a2200349 a 4500
082 04 - DEWEY DECIMAL CLASSIFICATION NUMBER
Classification number 519.2/2
100 1# - MAIN ENTRY--AUTHOR NAME
Personal name Ibe, Oliver C.
245 10 - TITLE STATEMENT
Title Fundamentals of stochastic networks
260 ## - PUBLICATION, DISTRIBUTION, ETC. (IMPRINT)
Place of publication Lowell, Mass. :
Name of publisher John Wiley & Sons Inc.,
Year of publication c2011.
300 ## - PHYSICAL DESCRIPTION
Number of Pages xii, 295 p. :
Other physical details ill.
650 #0 - SUBJECT ADDED ENTRY--TOPICAL TERM
Topical Term Queuing theory.
Topical Term Stochastic analysis.
856 40 - ELECTRONIC LOCATION AND ACCESS
Uniform Resource Identifier http://site.ebrary.com/lib/rucke/Doc?id=10494622

No items available.

© 2026 Rongo University
Contact us: librarian | system librarian | Rongo university